000 00642nam a2200217 a 4500
001 64832
003 BD-RjUL
005 20211209081344.0
008 170223s1966 B abc j b 000 0 eng
035 _a(BD-RjUL)64962
040 _aDLC
_cDLC
_dBD-RjUL
_beng
041 _aeng
082 0 0 _a960
_223
_bTHA 1966
100 1 _aThompson, Elizabeth Bartlett.
_9192224
245 1 0 _aAfrica, past and present /
_cElizabeth Bartlett. Thompson,
260 _aBoston :
_bHoughton Mifflin,
_cc1966.
300 _a330 p. :
_bill, ;
_c22 cm.
504 _aBibliography: p. [329]-330.
651 0 _aAfrica
_xJuvenile literature.
_9192225
942 _2ddc
_cBK
999 _c64832
_d64832